000 00473nam a2200169Ia 4500
005 20250508155107.0
008 008 250505s9999 xx 000 0 eng d
037 _aTextual
040 _aFEDL
_beng
_cFEDL
041 _aeng
_2eng
084 _a371.97, IND
_qFEDL
245 0 _aFair deal for backward classes
260 _aCoimbatore, India
_bGovernment of India Press
_c1967
300 _a27p.
942 _cTEXL
_h371.97, IND
999 _c1354116
_d1354116